000 00428nam a2200157Ia 4500
008 151213s9999 xx 000 0 und d
100 _aM. Abul Bashar Bhuiya 2nd
245 _aBangladesh Laws on Bank's and Banking
_cM. Abul Bashar Bhuiya 2nd
250 _a2nd
260 _aDhaka
_bM.Haider Chowdhury
_c1996
300 _a8072 p.
650 _aLaw
650 _aLaw
700 _aM. Abul Bashar Bhuiya 2nd
999 _c4072
_d4072